| 000 | 00626cam a2200169 4500 | ||
|---|---|---|---|
| 005 | 20151005130403.0 | ||
| 008 | 151005b mx ||||| |||| 00| 0 spa d | ||
| 050 | 0 | 4 |
_aBX3212 .A1 _bV53 1991 |
| 100 | 1 | _aVictoria Moreno, Dionisio | |
| 245 | 1 | 4 |
_aLos Carmelitas descalzos en la evangelización fundante de México, 1521-1590 / _cDionisio Victoria Moreno. |
| 260 | x | i | _c1991 |
| 300 |
_a8 p. ; _c22 cm. |
||
| 490 |
_aPioneros de la evangelización de México ; _v fasciculo 6 |
||
| 650 | 7 |
_2LEMB _aCarmelitas descalzos en México _xHistoria |
|
| 650 | 7 |
_2LEMB _aIglesia católica en México _xMisiones _ySiglo XVI |
|
| 942 |
_2lcc _cLIB |
||
| 999 |
_c61565 _d61565 |
||